00295nam a2200121Ia 4500008004100000041000900041082001700050100002800067245002600095260003600121300000800157650000800165230718s9999 xx 000 0 und d aEng. a840.3bNAZ-P aNazion. Muhammad Manzas 0aPellettion Penal Code aPakistanb411 Pablishe213c1999 a699 aLaw